Gender, School and Society : (Record no. 178906)

MARC details
000 -LEADER
fixed length control field 00694nam a22002057a 4500
005 - DATE AND TIME OF LATEST TRANSACTION
control field 20210428142445.0
010 ## - LCCN (DPL NO)
LC control number ENG-129484
020 ## - INTERNATIONAL STANDARD BOOK NUMBER
Terms of availability 195.00
International Standard Book Number 978-93-88016-54-4
035 ## - SYSTEM CONTROL NUMBER
System control number EN-113016
037 ## - SOURCE OF ACQUISITION
Source of stock number/acquisition DBAD/PUB
082 ## - DEWEY DECIMAL CLASSIFICATION NUMBER
Classification number 370.82
100 ## - MAIN ENTRY--PERSONAL NAME
Personal name G., Varalakshmi
245 ## - TITLE STATEMENT
Title Gender, School and Society :
Remainder of title /
Statement of responsibility, etc Varalakshmi G., Vanaja, M., T. Swarupa Rani
250 ## - EDITION STATEMENT
Edition statement 2019
260 ## - PUBLICATION, DISTRIBUTION, ETC. (IMPRINT)
Place of publication, distribution, etc Hyderabad
Name of publisher, distributor, etc Neelkamal Publications Pvt. Ltd.
Date of publication, distribution, etc 2019
270 ## - ADDRESS
Address Sultan Bazar, Hyderabad
City Hyderabad
Postal code 500095
Telephone number 24757140
Electronic mail address neelkamalbooks@gmail.com
300 ## - PHYSICAL DESCRIPTION
Extent 187.p
Dimensions 24cm(hbk)
Other physical details Bibliography, Index
700 ## - ADDED ENTRY--PERSONAL NAME
Personal name M., Vanaja, Rani, T. Swarupa
942 ## - ADDED ENTRY ELEMENTS (KOHA)
Source of classification or shelving scheme Dewey Decimal Classification
Item type English Books
Classification part 370.82
Call number suffix GVA
Holdings
Withdrawn status Lost status Not for loan Collection code Home library Current library Date acquired Source of acquisition Cost, normal purchase price Full call number Barcode Copy number Cost, replacement price Koha item type
      Non-fiction Sarojini Nagar Sarojini Nagar 28/04/2021 DBAD/PUB 195.00 370.82 GVA EN-113016 1 195.00 English Books

© Delhi Public Library
Hit Counter
free hit counter